000
00283nam a2200097Ia 4500
001
1228703
005
20250827093047.0
008
250824s9999 xx 000 0 und d
245
0
_a
ŞAKACI HORTLAK İŞBAŞINDA
_c
MELEK GÜNGÖR
260
_b
ALTIN KİTAPLAR YAYINLARI
999
_c
1228703
_d
1228703